|
|
|
|
| LEADER |
02022nam a2200337 i 4500 |
| 003 |
GR-PaULI |
| 005 |
20250116110613.0 |
| 008 |
151019t2006 gr a g b 001 0 gre d |
| 020 |
|
|
|a 9789604994199
|
| 040 |
|
|
|a GR-PaULI
|b eng
|c GR-PaULI
|d GR-AiPI
|e AACR2
|
| 041 |
1 |
|
|a gre
|h eng
|
| 082 |
0 |
4 |
|a 160
|2 23
|
| 100 |
1 |
|
|a Restall, Greg,
|d 1969-
|9 196165
|e συγγραφέας.
|
| 240 |
1 |
0 |
|a Logic : an introduction.
|l Ελληνική
|
| 245 |
1 |
0 |
|a Λογική :
|b μία εισαγωγή /
|c Greg Restall ; επιστημονική επιμέλεια Σταύρος Αθανασόπουλος ; μετάφραση Χρήστος Κεφαλής.
|
| 260 |
|
|
|a Αθήνα :
|b Τόπος,
|c c2022.
|
| 300 |
|
|
|a 243 σ. :
|b εικ. ;
|c 24 εκ.
|
| 490 |
1 |
|
|a Τόπος / Επιστημονικές εκδόσεις
|
| 500 |
|
|
|a Τίτλος πρωτοτύπου : Logic : an introduction, c2006.
|
| 504 |
|
|
|a Περιλαμβάνει βιβλιογραφία (σ. 233-234) και ευρετήρια.
|
| 650 |
|
4 |
|a Λογική
|9 325
|
| 700 |
1 |
|
|9 76620
|a Αθανασόπουλος, Σταύρος
|e επιμελητής.
|
| 700 |
1 |
|
|9 183516
|a Κεφαλής, Χρήστος.
|e μεταφραστής.
|
| 830 |
|
0 |
|a Επιστημονικές εκδόσεις (Τόπος)
|9 188556
|
| 942 |
|
|
|2 ddc
|c BK
|
| 952 |
|
|
|0 0
|1 0
|2 ddc
|4 0
|6 160_000000000000000_RES
|7 0
|9 369496
|a LISP
|b LISP
|c BSC
|d 2023-03-06
|i 259199
|l 0
|o 160 RES
|p 025000297553
|r 2023-03-06 00:00:00
|t 1
|w 2023-03-06
|y BK15
|
| 952 |
|
|
|0 0
|1 0
|2 ddc
|4 0
|6 160_000000000000000_RES
|7 0
|9 378971
|a PHIL
|b PHIL
|d 2024-04-01
|i 13005
|l 2
|o 160 RES
|p 025000242029
|r 2024-04-09 00:00:00
|s 2024-04-01
|t 2
|w 2024-04-01
|y BK
|
| 952 |
|
|
|0 0
|1 0
|2 ddc
|4 0
|6 160_000000000000000_RES
|7 0
|9 378983
|a PHIL
|b PHIL
|d 2024-04-01
|i 13006
|l 0
|o 160 RES
|p 025000242033
|r 2024-04-01 00:00:00
|t 3
|w 2024-04-01
|y BK
|
| 952 |
|
|
|0 0
|1 0
|2 ddc
|4 0
|6 160_000000000000000_RES
|7 0
|9 378984
|a PHIL
|b PHIL
|d 2024-04-01
|i 13007
|l 0
|o 160 RES
|p 025000242032
|r 2024-04-01 00:00:00
|t 4
|w 2024-04-01
|y BK
|
| 998 |
|
|
|b ΛΟΥΚΟΠΟΥΛΟΥ
|d 2023-02
|
| 999 |
|
|
|c 215572
|d 215572
|